[Event "Opocensky Memorial 2019"]
[Site "Prague"]
[Date "2019.06.23"]
[Round "3.3"]
[White "Ivanov, Mikhail M"]
[Black "Sahidi, Samir"]
[Result "1/2-1/2"]
[WhiteElo "2366"]
[BlackElo "2380"]
[Annotator "ChessBase"]
[PlyCount "122"]
[EventDate "2019.06.22"]
[EventType "tourn"]
[EventCountry "CZE"]
[SourceTitle "playchess.com"]
[Source "ChessBase"]
[SourceQuality "1"]
[TimeControl "5400+30"]

1. Nf3 {[%emt 0:00:00]} Nf6 {[%emt 0:00:00]} 2. g3 {[%emt 0:00:12]} d5 {[%emt 0:01:05]} 3. Bg2 {[%emt 0:00:11]} c5 {[%emt 0:01:36]} 4. c4 {[%emt 0:00:24]} Nc6 {[%emt 0:02:30]} 5. cxd5 Nxd5 {[%emt 0:00:09]} 6. Nc3 {[%emt 0:07:08]} Nc7 {[%emt 0:07:41]} 7. d3 {[%emt 0:00:50]} e5 {[%emt 0:01:14]} 8. Nd2 {[%emt 0:00:06]} Be6 {[%emt 0:01:44]} 9. Nc4 {[%emt 0:00:44]} Qd7 {[%emt 0:01:09]} 10. Qa4 {[%emt 0:00:38]} f6 {[%emt 0:04:47]} 11. f4 {[%emt 0:07:57]} exf4 {[%emt 0:01:45]} 12. Bxf4 {[%emt 0:00:13]} Be7 {[%emt 0:01:40]} 13. Bxc7 {[%emt 0:01:29]} Qxc7 {[%emt 0:03:22]} 14. Nd5 {[%emt 0:00:42]} Bxd5 {[%emt 0:19:40]} 15. Bxd5 {[%emt 0:00:15]} O-O-O {[%emt 0:00:22]} 16. Bxc6 {[%emt 0:00:59]} Qxc6 {[%emt 0:00:22]} 17. Qxc6+ {[%emt 0:00:10]} bxc6 {[%emt 0:00:05]} 18. Rf1 {[%emt 0:19:52]} Rhe8 {[%emt 0:04:09]} 19. O-O-O {[%emt 0:04:15]} Bd6 {[%emt 0:01:48]} 20. e3 {[%emt 0:01:28]} Be5 {[%emt 0:03:10]} 21. Kc2 {[%emt 0:00:30]} Rd5 {[%emt 0:00:26]} 22. Rf3 {[%emt 0:02:52]} Bc7 {[%emt 0:01:29]} 23. Rd2 {[%emt 0:05:15]} Re7 {[%emt 0:04:11]} 24. g4 {[%emt 0:03:20]} Kb7 {[%emt 0:16:46]} 25. h3 {[%emt 0:02:40]} Red7 {[%emt 0:01:13]} 26. e4 {[%emt 0:10:58]} Rg5 {[%emt 0:01:12]} 27. Rg2 {[%emt 0:02:13]} h5 {[%emt 0:01:24]} 28. Rf5 {[%emt 0:00:52]} Rxf5 {[%emt 0:00:45]} 29. gxf5 {[%emt 0:00:57]} Bf4 {[%emt 0:00:30]} 30. Rf2 {[%emt 0:01:13]} Bg3 {[%emt 0:01:08]} 31. Rf3 {[%emt 0:00:22]} Bh4 {[%emt 0:02:14]} 32. Kd1 {[%emt 0:01:28]} Kc7 {[%emt 0:03:03]} 33. Ke2 {[%emt 0:00:12]} Bg5 {[%emt 0:00:32]} 34. Rf1 {[%emt 0:01:07]} Rd8 {[%emt 0:01:25]} 35. Rh1 {[%emt 0:01:12]} Bh4 {[%emt 0:01:51]} 36. Rc1 {[%emt 0:01:37]} Re8 {[%emt 0:02:30]} 37. Nd2 {[%emt 0:03:54]} Kb6 {[%emt 0:01:13]} 38. Rg1 {[%emt 0:02:02]} Bg5 {[%emt 0:00:51]} 39. Nc4+ {[%emt 0:00:11]} Kc7 {[%emt 0:00:38]} 40. e5 {[%emt 0:02:07]} Bh6 {[%emt 0:00:15]} 41. e6 {[%emt 0:00:46]} Rd8 {[%emt 0:00:34]} 42. b3 {[%emt 0:02:56]} Rd5 {[%emt 0:00:53]} 43. Rf1 {[%emt 0:00:15]} Rd4 {[%emt 0:01:01]} 44. Rf3 {[%emt 0:00:41]} Rd8 {[%emt 0:01:16]} 45. Kd1 {[%emt 0:02:16]} Bg5 {[%emt 0:01:16]} 46. Kc2 {[%emt 0:00:19]} Rd4 {[%emt 0:01:59]} 47. Rf2 {[%emt 0:00:52]} Rd5 {[%emt 0:01:19]} 48. Kc3 {[%emt 0:04:31]} h4 {[%emt 0:01:20]} 49. Rf3 {[%emt 0:02:27]} Kd8 {[%emt 0:00:57]} 50. Nd2 {[%emt 0:01:00]} Bxd2+ {[%emt 0:00:51]} 51. Kxd2 {[%emt 0:00:04]} Ke7 {[%emt 0:00:17]} 52. Rf4 {[%emt 0:01:43]} g6 {[%emt 0:00:51]} 53. fxg6 {[%emt 0:00:38]} Rg5 {[%emt 0:00:04]} 54. Rxh4 {[%emt 0:01:02]} Rxg6 {[%emt 0:00:07]} 55. Rh7+ {[%emt 0:01:13]} Kxe6 {[%emt 0:00:05]} 56. Rxa7 {[%emt 0:00:02]} Rh6 {[%emt 0:00:11]} 57. a4 {[%emt 0:02:44]} Rxh3 {[%emt 0:00:08]} 58. a5 {[%emt 0:00:03]} Rh2+ {[%emt 0:00:20]} 59. Kc3 {[%emt 0:00:06]} Ra2 {[%emt 0:00:11]} 60. a6 {[%emt 0:00:06]} Kd6 {[%emt 0:00:14]} 61. Rf7 {[%emt 0:01:53]} Rxa6 {[%emt 0:04:42]} 1/2-1/2

[Event "Opocensky Memorial 2019"]
[Site "Prague"]
[Date "2019.06.23"]
[Round "3.4"]
[White "Kourousis, Epaminondas"]
[Black "Sergeev, Vladimir"]
[Result "0-1"]
[WhiteElo "2394"]
[BlackElo "2411"]
[Annotator "RC"]
[PlyCount "78"]
[EventDate "2019.06.22"]
[EventType "tourn"]
[EventCountry "CZE"]
[SourceTitle "playchess.com"]
[Source "ChessBase"]
[SourceQuality "1"]
[TimeControl "5400+30"]

1. d4 {[%emt 1:30:30]} Nf6 2. c4 c6 3. Nc3 d5 4. Nf3 a6 5. g3 b5 6. b3 Bf5 7. Bg2 e6 8. O-O Ne4 9. Nxe4 {[%emt 0:04:00]} Bxe4 {[%emt 1:34:30]} 10. Bg5 {[%emt 0:00:30]} f6 {[%emt 0:00:30]} 11. Bf4 {[%emt 0:00:30]} g5 {[%emt 0:00:30]} 12. Bd2 {[%emt 0:00:30]} Nd7 {[%emt 0:00:30]} 13. Qe1 {[%emt 0:00:30]} a5 {[%emt 0:00:30]} 14. cxb5 {[%emt 0:00:30]} cxb5 {[%emt 0:00:30]} 15. Rc1 {[%emt 0:00:30]} Ra6 {[%emt 0:00:30]} 16. Qd1 {[%emt 0:00:30]} Ba3 {[%emt 0:00:30]} 17. Ra1 {[%emt 0:00:30]} Bb2 {[%emt 0:00:30]} 18. Rb1 {[%emt 0:00:30]} Ba3 {[%emt 0:00:30]} 19. Ra1 {[%emt 0:00:30]} Rc6 {[%emt 0:00:30]} 20. Bc1 {[%emt 0:00:30]} Bc2 {[%emt 0:00:30]} 21. Qe1 {[%emt 0:00:30]} Be7 {[%emt 0:00:30]} 22. Bd2 {[%emt 0:00:30]} b4 {[%emt 0:00:30]} 23. Rc1 {[%emt 0:00:30]} Qc8 {[%emt 0:00:30]} 24. h4 {[%emt 0:00:30]} h6 {[%emt 0:00:30]} 25. Be3 {[%emt 0:00:30]} Kf7 {[%emt 0:00:30]} 26. Qd2 {[%emt 0:00:30]} Rc3 {[%emt 0:00:30]} 27. Ne1 {[%emt 0:00:30]} Bf5 {[%emt 0:00:30]} 28. Rd1 {[%emt 0:00:30]} a4 {[%emt 0:00:30]} 29. Qb2 {[%emt 0:00:30]} a3 {[%emt 0:00:30]} 30. Qd2 {[%emt 0:00:30]} Qc7 {[%emt 0:00:30]} 31. hxg5 {[%emt 0:00:30]} hxg5 {[%emt 0:00:30]} 32. Nd3 {[%emt 0:00:30]} Rc8 {[%emt 0:00:30]} 33. Rc1 {[%emt 0:00:30]} Bxd3 {[%emt 0:00:30]} 34. exd3 {[%emt 0:00:30]} Rxc1 {[%emt 0:00:30]} 35. Qxc1 {[%emt 0:00:30]} Qxc1 {[%emt 0:00:30]} 36. Rxc1 {[%emt 0:00:30]} Rxc1+ {[%emt 0:00:30]} 37. Bxc1 {[%emt 0:00:30]} Nb8 {[%emt 0:00:30]} 38. g4 {[%emt 0:00:30]} Nc6 {[%emt 0:00:30]} 39. Be3 Bd8 {[%emt 0:00:30]} 0-1

[Event "Opocensky Memorial 2019"]
[Site "Prague"]
[Date "2019.06.23"]
[Round "3.5"]
[White "Kozusek, Daniel"]
[Black "Neuman, Petr"]
[Result "1-0"]
[WhiteElo "2339"]
[BlackElo "2395"]
[Annotator "NA RC"]
[PlyCount "59"]
[EventDate "2019.06.22"]
[EventType "tourn"]
[EventCountry "CZE"]
[SourceTitle "playchess.com"]
[Source "ChessBase"]
[SourceQuality "1"]
[TimeControl "5400+30"]

1. d4 {[%emt 0:00:00]} d5 {[%emt 0:00:00]} 2. Bf4 {[%emt 0:00:06]} Nf6 {[%emt 0:00:00]} 3. e3 {[%emt 0:00:07]} c5 4. dxc5 {[%emt 0:00:36]} Nc6 {[%emt 0:00:15]} 5. Bb5 {[%emt 0:00:29]} e6 {[%emt 0:32:32]} 6. b4 {[%emt 0:00:10]} a5 {[%emt 0:00:20]} 7. c3 {[%emt 0:00:17]} Bd7 {[%emt 0:00:46]} 8. Qb3 {[%emt 0:00:12]} Nh5 {[%emt 0:02:29]} 9. Ne2 {[%emt 0:00:29]} g5 {[%emt 0:02:35]} 10. Bxc6 {[%emt 0:05:52]} bxc6 {[%emt 0:01:08]} 11. Be5 {[%emt 0:03:16]} f6 {[%emt 0:01:44]} 12. Bd6 {[%emt 0:03:16]} Bxd6 {[%emt 0:00:27]} 13. cxd6 {[%emt 0:00:04]} Qb8 {[%emt 0:00:20]} 14. h4 {[%emt 0:04:18]} g4 {[%emt 0:01:13]} 15. bxa5 {[%emt 0:00:19]} Qa7 {[%emt 0:17:42]} 16. Qb4 {[%emt 0:05:50]} Rg8 {[%emt 0:00:30]} 17. Nd2 {[%emt 0:01:56]} Rb8 {[%emt 0:03:03]} 18. Qd4 {[%emt 0:08:06]} c5 {[%emt 0:00:38]} 19. Qd3 {[%emt 0:00:04]} Bb5 {[%emt 0:05:01]} 20. c4 {[%emt 0:01:27]} Bxc4 {[%emt 0:01:01]} 21. Nxc4 {[%emt 0:01:59]} dxc4 {[%emt 0:00:12]} 22. d7+ {[%emt 0:09:37]} Kf7 {[%emt 0:02:30]} 23. Qxh7+ {[%emt 0:01:22]} Ng7 {[%emt 0:00:04]} 24. O-O {[%emt 0:06:05]} Rh8 {[%emt 0:04:01]} 25. Qe4 {[%emt 0:03:01]} Rxh4 {[%emt 0:02:36]} 26. Rfd1 {[%emt 0:00:36]} Qc7 {[%emt 0:01:09]} 27. Nf4 {[%emt 0:09:33]} f5 {[%emt 0:01:47]} 28. Qxc4 {[%emt 0:00:07]} Rhh8 {[%emt 0:00:26]} 29. Qc3 {[%emt 0:02:48]} e5 {[%emt 0:01:21]} 30. Qc4+ {[%emt 0:00:08]} 1-0

[Event "Opocensky Memorial 2019"]
[Site "Prague"]
[Date "2019.06.24"]
[Round "4.1"]
[White "Sokolov, Alexander"]
[Black "Neuman, Petr"]
[Result "1/2-1/2"]
[WhiteElo "2382"]
[BlackElo "2395"]
[Annotator "NA"]
[PlyCount "50"]
[EventDate "2019.06.22"]
[EventType "tourn"]
[EventCountry "CZE"]
[SourceTitle "playchess.com"]
[Source "ChessBase"]
[SourceQuality "1"]
[TimeControl "5400+30"]

1. e4 {[%emt 0:00:00]} c5 {[%emt 0:01:40]} 2. Nf3 {[%emt 0:00:00]} d6 {[%emt 0:00:52]} 3. d4 {[%emt 0:00:00]} cxd4 {[%emt 0:00:04]} 4. Nxd4 {[%emt 0:00:00]} Nf6 {[%emt 0:00:04]} 5. Nc3 {[%emt 0:00:00]} a6 {[%emt 0:00:24]} 6. Bc4 {[%emt 0:00:11]} e6 {[%emt 0:00:07]} 7. Bb3 {[%emt 0:00:04]} Be7 {[%emt 0:00:42]} 8. O-O {[%emt 0:00:38]} b5 {[%emt 0:00:21]} 9. f4 {[%emt 0:02:39]} Bb7 {[%emt 0:01:11]} 10. Be3 {[%emt 0:07:54]} b4 {[%emt 0:22:54]} 11. e5 {[%emt 0:00:34]} bxc3 {[%emt 0:03:32]} 12. exf6 {[%emt 0:00:05]} Bxf6 {[%emt 0:00:09]} 13. bxc3 {[%emt 0:00:04]} O-O {[%emt 0:02:08]} 14. f5 {[%emt 0:00:12]} e5 {[%emt 0:07:04]} 15. Ne2 {[%emt 0:00:19]} Qc7 {[%emt 0:08:54]} 16. Qd2 {[%emt 0:06:03]} Nc6 {[%emt 0:02:13]} 17. Rad1 {[%emt 0:01:26]} Rfd8 {[%emt 0:02:14]} 18. Ng3 {[%emt 0:06:27]} Na5 {[%emt 0:05:02]} 19. Bd5 {[%emt 0:07:07]} Nc4 {[%emt 0:03:54]} 20. Qe2 {[%emt 0:14:44]} Bxd5 {[%emt 0:00:15]} 21. Rxd5 {[%emt 0:00:06]} Qc6 {[%emt 0:00:06]} 22. Rfd1 {[%emt 0:05:19]} Nb2 {[%emt 0:00:41]} 23. R1d2 {[%emt 0:00:15]} Nc4 {[%emt 0:00:14]} 24. Rd1 {[%emt 0:01:43]} Nb2 {[%emt 0:00:07]} 25. R1d2 {[%emt 0:00:45]} Nc4 {[%emt 0:00:07]} 1/2-1/2

[Event "Opocensky Memorial 2019"]
[Site "Prague"]
[Date "2019.06.24"]
[Round "4.2"]
[White "Sergeev, Vladimir"]
[Black "Kozusek, Daniel"]
[Result "1/2-1/2"]
[WhiteElo "2411"]
[BlackElo "2339"]
[Annotator "NA"]
[PlyCount "74"]
[EventDate "2019.06.22"]
[EventType "tourn"]
[EventCountry "CZE"]
[SourceTitle "playchess.com"]
[Source "ChessBase"]
[SourceQuality "1"]
[TimeControl "5400+30"]

1. Nf3 {[%emt 0:03:55]} d5 {[%emt 0:00:00]} 2. d3 {[%emt 0:00:23]} Nf6 {[%emt 0:02:19]} 3. Nbd2 {[%emt 0:00:13]} e6 {[%emt 0:02:57]} 4. e4 {[%emt 0:00:31]} c5 {[%emt 0:00:08]} 5. c3 {[%emt 0:00:18]} Nc6 {[%emt 0:00:46]} 6. a3 {[%emt 0:00:07]} a5 {[%emt 0:01:56]} 7. a4 {[%emt 0:00:20]} b6 {[%emt 0:00:52]} 8. Be2 {[%emt 0:00:08]} Ba6 {[%emt 0:01:17]} 9. O-O {[%emt 0:01:52]} Be7 {[%emt 0:03:17]} 10. Re1 {[%emt 0:00:33]} O-O {[%emt 0:00:25]} 11. Bf1 {[%emt 0:03:09]} Qc7 {[%emt 0:07:17]} 12. exd5 {[%emt 0:07:12]} exd5 {[%emt 0:07:35]} 13. Nb3 {[%emt 0:06:34]} Bd6 {[%emt 0:06:03]} 14. g3 {[%emt 0:04:14]} h6 {[%emt 0:03:26]} 15. Bg2 {[%emt 0:02:55]} Rfe8 {[%emt 0:00:35]} 16. Be3 {[%emt 0:10:41]} Ng4 {[%emt 0:01:28]} 17. d4 {[%emt 0:00:50]} Nxe3 {[%emt 0:02:18]} 18. fxe3 {[%emt 0:04:04]} Rad8 {[%emt 0:00:49]} 19. Nh4 {[%emt 0:01:06]} Bf8 {[%emt 0:00:19]} 20. Qc2 {[%emt 0:03:44]} Bc8 {[%emt 0:23:43]} 21. e4 {[%emt 0:11:13]} cxd4 {[%emt 0:01:44]} 22. cxd4 {[%emt 0:05:00]} Qd7 {[%emt 0:01:10]} 23. e5 {[%emt 0:06:59]} Nb4 {[%emt 0:03:37]} 24. Qd2 {[%emt 0:01:06]} Ba6 {[%emt 0:00:22]} 25. Re3 {[%emt 0:00:35]} Rc8 {[%emt 0:01:07]} 26. Rc3 {[%emt 0:00:13]} Bc4 {[%emt 0:00:45]} 27. Nc1 {[%emt 0:03:52]} Nc6 {[%emt 0:00:04]} 28. Re3 {[%emt 0:00:34]} Rc7 {[%emt 0:06:57]} 29. Nf3 {[%emt 0:01:03]} Rec8 {[%emt 0:00:19]} 30. Nd3 {[%emt 0:03:20]} Bxd3 {[%emt 0:01:16]} 31. Rxd3 {[%emt 0:00:08]} Bb4 {[%emt 0:00:05]} 32. Qe3 {[%emt 0:04:14]} Nd8 {[%emt 0:00:05]} 33. b3 {[%emt 0:00:54]} Rc2 {[%emt 0:01:58]} 34. Rf1 {[%emt 0:00:24]} R8c3 {[%emt 0:06:51]} 35. Kh1 {[%emt 0:01:53]} Rxd3 {[%emt 0:01:33]} 36. Qxd3 {[%emt 0:00:01]} Rc3 {[%emt 0:01:00]} 37. Qd1 {[%emt 0:01:46]} Ne6 {[%emt 0:04:32]} 1/2-1/2

[Event "Opocensky Memorial 2019"]
[Site "Prague"]
[Date "2019.06.24"]
[Round "4.3"]
[White "Sahidi, Samir"]
[Black "Kourousis, Epaminondas"]
[Result "1-0"]
[WhiteElo "2380"]
[BlackElo "2394"]
[Annotator "NA"]
[PlyCount "113"]
[EventDate "2019.06.22"]
[EventType "tourn"]
[EventCountry "CZE"]
[SourceTitle "playchess.com"]
[Source "ChessBase"]
[SourceQuality "1"]
[TimeControl "5400+30"]

1. e4 {[%emt 0:00:00]} c6 {[%emt 0:07:22]} 2. d4 {[%emt 0:00:33]} d5 {[%emt 0:00:05]} 3. exd5 {[%emt 0:00:25]} cxd5 {[%emt 0:00:02]} 4. Bd3 {[%emt 0:00:12]} Nc6 {[%emt 0:05:58]} 5. c3 {[%emt 0:00:07]} e6 {[%emt 0:00:11]} 6. Bf4 {[%emt 0:02:23]} Nge7 {[%emt 0:01:25]} 7. Ne2 {[%emt 0:03:53]} Ng6 {[%emt 0:00:52]} 8. Bg3 {[%emt 0:00:27]} Bd6 {[%emt 0:00:30]} 9. Nd2 {[%emt 0:02:44]} O-O {[%emt 0:01:20]} 10. O-O {[%emt 0:01:21]} Bxg3 {[%emt 0:00:28]} 11. hxg3 {[%emt 0:04:46]} Bd7 {[%emt 0:05:33]} 12. f4 {[%emt 0:06:00]} Qb6 {[%emt 0:11:18]} 13. Qb3 {[%emt 0:03:16]} Qc7 {[%emt 0:04:50]} 14. Qc2 {[%emt 0:12:35]} Rac8 {[%emt 0:08:09]} 15. Rac1 {[%emt 0:02:36]} Qb6 {[%emt 0:00:47]} 16. Qb3 {[%emt 0:00:53]} Qxb3 {[%emt 0:01:28]} 17. Nxb3 {[%emt 0:01:22]} b6 {[%emt 0:00:51]} 18. Kh2 {[%emt 0:05:43]} Nge7 {[%emt 0:04:20]} 19. Ng1 {[%emt 0:02:44]} Nf5 {[%emt 0:00:40]} 20. Rce1 {[%emt 0:01:43]} Nd6 {[%emt 0:02:22]} 21. g4 {[%emt 0:01:41]} f6 {[%emt 0:04:20]} 22. Nf3 {[%emt 0:02:15]} Rfe8 {[%emt 0:12:10]} 23. Kg3 {[%emt 0:02:47]} h6 {[%emt 0:07:25]} 24. Rh1 {[%emt 0:01:24]} Kf7 {[%emt 0:02:09]} 25. Rh5 {[%emt 0:03:07]} f5 {[%emt 0:06:24]} 26. g5 {[%emt 0:07:37]} Ne4+ {[%emt 0:00:27]} 27. Bxe4 {[%emt 0:00:05]} dxe4 {[%emt 0:01:24]} 28. Ne5+ {[%emt 0:00:26]} Nxe5 {[%emt 0:00:30]} 29. dxe5 {[%emt 0:00:16]} hxg5 {[%emt 0:00:17]} 30. Rxg5 {[%emt 0:00:13]} Rh8 {[%emt 0:03:04]} 31. Nd4 {[%emt 0:02:04]} Bc6 {[%emt 0:02:45]} 32. Rd1 {[%emt 0:01:12]} Ba4 {[%emt 0:01:08]} 33. Rd2 {[%emt 0:00:19]} Rh1 {[%emt 0:01:23]} 34. Kf2 {[%emt 0:00:56]} Rch8 {[%emt 0:00:07]} 35. b3 {[%emt 0:06:01]} Be8 {[%emt 0:00:07]} 36. c4 {[%emt 0:03:42]} a6 {[%emt 0:02:25]} 37. Nxe6 {[%emt 0:03:03]} g6 {[%emt 0:02:43]} 38. Nc7 {[%emt 0:01:43]} R8h4 {[%emt 0:01:09]} 39. Kg3 {[%emt 0:01:03]} Rh8 {[%emt 0:00:31]} 40. Rd6 {[%emt 0:00:35]} e3 {[%emt 0:00:16]} 41. Rf6+ {[%emt 0:00:19]} Ke7 {[%emt 0:00:36]} 42. Nd5+ {[%emt 0:00:06]} Kd8 {[%emt 0:00:08]} 43. Nxe3 {[%emt 0:00:20]} Re1 {[%emt 0:00:39]} 44. Rd6+ {[%emt 0:00:43]} Kc8 {[%emt 0:00:09]} 45. Nd5 {[%emt 0:00:54]} b5 {[%emt 0:01:07]} 46. Rxa6 {[%emt 0:01:02]} Rd1 {[%emt 0:00:21]} 47. Rd6 {[%emt 0:00:43]} Rd3+ {[%emt 0:00:23]} 48. Kf2 {[%emt 0:00:05]} Rd2+ {[%emt 0:00:15]} 49. Ke3 {[%emt 0:00:16]} Rxa2 {[%emt 0:00:04]} 50. e6 {[%emt 0:02:06]} Rh1 {[%emt 0:00:52]} 51. Kd4 {[%emt 0:00:43]} Re1 {[%emt 0:00:15]} 52. Rb6 {[%emt 0:01:30]} bxc4 {[%emt 0:00:25]} 53. bxc4 {[%emt 0:00:24]} Re4+ {[%emt 0:00:11]} 54. Kc5 {[%emt 0:00:23]} Rc2 {[%emt 0:01:48]} 55. Kd6 {[%emt 0:00:31]} Rd2 {[%emt 0:00:15]} 56. Rg3 {[%emt 0:01:20]} Rxc4 {[%emt 0:00:30]} 57. Rgb3 {[%emt 0:00:06]} 1-0

[Event "Opocensky Memorial 2019"]
[Site "Prague"]
[Date "2019.06.24"]
[Round "4.4"]
[White "Pulpan, Jakub"]
[Black "Ivanov, Mikhail M"]
[Result "1-0"]
[WhiteElo "2414"]
[BlackElo "2366"]
[Annotator "NA"]
[PlyCount "89"]
[EventDate "2019.06.22"]
[EventType "tourn"]
[EventCountry "CZE"]
[SourceTitle "playchess.com"]
[Source "ChessBase"]
[SourceQuality "1"]
[TimeControl "5400+30"]

1. e4 {[%emt 1:30:30]} g6 {[%emt 1:30:30]} 2. d4 {[%emt 0:00:30]} Bg7 {[%emt 0:00:30]} 3. Nf3 {[%emt 0:00:30]} d6 {[%emt 0:00:30]} 4. Nc3 {[%emt 0:00:30]} a6 {[%emt 0:00:30]} 5. a4 {[%emt 0:00:30]} Nf6 {[%emt 0:00:30]} 6. Be2 {[%emt 0:00:30]} O-O {[%emt 0:00:30]} 7. O-O {[%emt 0:00:30]} Nc6 {[%emt 0:00:30]} 8. d5 {[%emt 0:00:30]} Nb8 {[%emt 0:00:30]} 9. h3 {[%emt 0:00:30]} a5 {[%emt 0:00:30]} 10. Be3 {[%emt 0:00:30]} Na6 {[%emt 0:00:30]} 11. Qd2 {[%emt 0:00:30]} Nb4 {[%emt 0:00:30]} 12. Rfe1 {[%emt 0:00:30]} e5 {[%emt 0:00:30]} 13. dxe6 {[%emt 0:00:30]} Bxe6 {[%emt 0:00:30]} 14. Rad1 {[%emt 0:00:30]} Re8 {[%emt 0:00:30]} 15. Nd4 {[%emt 0:00:30]} Bd7 {[%emt 0:00:30]} 16. Bf3 {[%emt 0:00:30]} Bc6 {[%emt 0:00:30]} 17. Nxc6 {[%emt 0:00:30]} bxc6 {[%emt 0:00:30]} 18. b3 {[%emt 0:00:30]} Nd7 {[%emt 0:00:30]} 19. Nb1 {[%emt 0:00:30]} h5 {[%emt 0:00:30]} 20. Na3 {[%emt 0:00:30]} Qf6 {[%emt 0:00:30]} 21. Rc1 {[%emt 0:00:30]} Na2 {[%emt 0:00:30]} 22. Ra1 {[%emt 0:00:30]} Nc3 {[%emt 0:00:30]} 23. Nc4 {[%emt 0:00:30]} Ne5 {[%emt 0:00:30]} 24. Nxe5 {[%emt 0:00:30]} Qxe5 {[%emt 0:00:30]} 25. Bf4 {[%emt 0:00:30]} Qc5 {[%emt 0:00:30]} 26. Qd3 {[%emt 0:00:30]} Re6 {[%emt 0:00:30]} 27. Be3 {[%emt 0:00:30]} Qe5 {[%emt 0:00:30]} 28. Bd2 {[%emt 0:00:30]} Qc5 {[%emt 0:00:30]} 29. Be3 {[%emt 0:00:30]} Qe5 {[%emt 0:00:30]} 30. Qc4 {[%emt 0:00:30]} d5 {[%emt 0:00:30]} 31. exd5 {[%emt 0:00:30]} cxd5 {[%emt 0:00:30]} 32. Qd3 {[%emt 0:00:30]} Rae8 {[%emt 0:00:30]} 33. Rac1 {[%emt 0:00:30]} d4 {[%emt 0:00:30]} 34. Bd2 {[%emt 0:00:30]} Qc5 {[%emt 0:00:30]} 35. h4 {[%emt 0:00:30]} Be5 {[%emt 0:00:30]} 36. g3 {[%emt 0:00:30]} Kg7 {[%emt 0:00:30]} 37. Kg2 {[%emt 0:00:30]} Na2 {[%emt 0:00:30]} 38. Rcd1 {[%emt 0:00:30]} c6 {[%emt 0:00:30]} 39. Re4 {[%emt 0:00:30]} Nb4 {[%emt 0:00:30]} 40. Bxb4 {[%emt 0:00:30]} Qxb4 {[%emt 0:00:30]} 41. Rde1 {[%emt 0:00:30]} c5 {[%emt 0:00:30]} 42. R4e2 {[%emt 0:00:30]} R6e7 {[%emt 0:00:30]} 43. Bc6 {[%emt 0:00:30]} Rc8 {[%emt 0:00:30]} 44. Bd5 {[%emt 0:00:30]} Rcc7 {[%emt 0:00:30]} 45. Rxe5 {[%emt 0:00:30]} 1-0

[Event "Opocensky Memorial 2019"]
[Site "Prague"]
[Date "2019.06.25"]
[Round "5.1"]
[White "Burdalev, Kirill"]
[Black "Sokolov, Alexander"]
[Result "1-0"]
[WhiteElo "2385"]
[BlackElo "2382"]
[Annotator "NA"]
[PlyCount "101"]
[EventDate "2019.06.22"]
[EventType "tourn"]
[EventCountry "CZE"]
[SourceTitle "playchess.com"]
[Source "ChessBase"]
[SourceQuality "1"]
[TimeControl "5400+30"]

1. d4 {[%emt 0:20:24]} Nf6 {[%emt 0:00:00]} 2. Nf3 {[%emt 0:00:07]} g6 {[%emt 0:00:00]} 3. c4 {[%emt 0:01:24]} Bg7 {[%emt 0:00:00]} 4. g3 {[%emt 0:00:04]} O-O {[%emt 0:00:04]} 5. Bg2 {[%emt 0:00:03]} d6 {[%emt 0:00:06]} 6. Nc3 {[%emt 0:00:21]} Nbd7 {[%emt 0:00:07]} 7. O-O {[%emt 0:00:04]} e5 {[%emt 0:00:05]} 8. e4 {[%emt 0:00:02]} exd4 {[%emt 0:00:17]} 9. Nxd4 {[%emt 0:00:07]} Re8 {[%emt 0:00:34]} 10. h3 {[%emt 0:02:47]} Nc5 {[%emt 0:00:20]} 11. Re1 {[%emt 0:00:16]} a5 {[%emt 0:00:24]} 12. Ndb5 {[%emt 0:00:11]} Nfd7 {[%emt 0:00:55]} 13. Bg5 {[%emt 0:02:45]} Qxg5 {[%emt 0:06:55]} 14. Nxc7 {[%emt 0:00:09]} Qd8 {[%emt 0:01:42]} 15. Nxa8 {[%emt 0:00:19]} Bxc3 {[%emt 0:01:50]} 16. bxc3 {[%emt 0:00:06]} Ne5 {[%emt 0:00:32]} 17. Rb1 {[%emt 0:05:47]} Nxc4 {[%emt 0:02:24]} 18. Bf1 {[%emt 0:02:35]} Be6 {[%emt 0:00:13]} 19. Bxc4 {[%emt 0:04:23]} Bxc4 {[%emt 0:00:09]} 20. Nb6 {[%emt 0:00:13]} Bxa2 {[%emt 0:05:33]} 21. Rb2 {[%emt 0:01:09]} Be6 {[%emt 0:00:14]} 22. Qd4 {[%emt 0:03:56]} Nb3 {[%emt 0:03:50]} 23. Qe3 {[%emt 0:00:10]} Qc7 {[%emt 0:08:32]} 24. c4 {[%emt 0:07:32]} Nc5 {[%emt 0:04:13]} 25. h4 {[%emt 0:01:19]} h5 {[%emt 0:06:04]} 26. Qc3 {[%emt 0:07:00]} Qc6 {[%emt 0:13:03]} 27. f3 {[%emt 0:00:33]} Qc7 {[%emt 0:04:10]} 28. Kg2 {[%emt 0:00:54]} Qc6 {[%emt 0:00:47]} 29. Ree2 {[%emt 0:02:20]} a4 {[%emt 0:02:42]} 30. Re3 {[%emt 0:10:27]} Qc7 {[%emt 0:05:07]} 31. Qb4 {[%emt 0:02:31]} Bd7 {[%emt 0:08:04]} 32. Nd5 {[%emt 0:00:25]} Qd8 {[%emt 0:00:03]} 33. e5 {[%emt 0:02:54]} Bc6 {[%emt 0:04:06]} 34. Rbe2 {[%emt 0:04:22]} Bxd5 {[%emt 0:07:09]} 35. cxd5 {[%emt 0:00:08]} b6 {[%emt 0:00:21]} 36. exd6 {[%emt 0:05:19]} Rf8 {[%emt 0:00:56]} 37. Qf4 {[%emt 0:04:45]} Nb7 {[%emt 0:00:58]} 38. Qxa4 {[%emt 0:00:23]} Nxd6 {[%emt 0:00:10]} 39. Qc6 {[%emt 0:00:09]} Qb8 {[%emt 0:02:51]} 40. f4 {[%emt 0:03:55]} Rc8 {[%emt 0:03:31]} 41. Qa4 {[%emt 0:01:45]} b5 {[%emt 0:01:37]} 42. Qa6 {[%emt 0:00:37]} b4 {[%emt 0:02:34]} 43. Rb3 {[%emt 0:01:10]} Rc4 {[%emt 0:01:30]} 44. Reb2 {[%emt 0:02:53]} Qe8 {[%emt 0:00:49]} 45. Qxd6 {[%emt 0:02:29]} Qe4+ {[%emt 0:00:35]} 46. Rf3 {[%emt 0:00:08]} Rc3 {[%emt 0:01:59]} 47. Rbf2 {[%emt 0:00:33]} Rc1 {[%emt 0:00:43]} 48. Qe5 {[%emt 0:00:59]} Qb1 {[%emt 0:00:17]} 49. Rf1 {[%emt 0:00:19]} b3 {[%emt 0:00:31]} 50. Rxc1 {[%emt 0:00:20]} Qxc1 {[%emt 0:00:05]} 51. Qb8+ {[%emt 0:00:21]} 1-0

[Event "Opocensky Memorial 2019"]
[Site "Prague"]
[Date "2019.06.25"]
[Round "5.2"]
[White "Ivanov, Mikhail M"]
[Black "Plischki, Sebastian"]
[Result "1/2-1/2"]
[WhiteElo "2366"]
[BlackElo "2420"]
[Annotator "NA"]
[PlyCount "31"]
[EventDate "2019.06.22"]
[EventType "tourn"]
[EventCountry "CZE"]
[SourceTitle "playchess.com"]
[Source "ChessBase"]
[SourceQuality "1"]
[TimeControl "5400+30"]

1. d4 {[%emt 0:02:14]} Nf6 {[%emt 0:00:00]} 2. Nf3 {[%emt 0:00:33]} e6 {[%emt 0:00:22]} 3. c4 {[%emt 0:00:31]} c5 {[%emt 0:00:35]} 4. g3 {[%emt 0:01:31]} cxd4 {[%emt 0:00:30]} 5. Nxd4 {[%emt 0:00:06]} Qc7 {[%emt 0:01:15]} 6. Qa4 {[%emt 0:17:55]} b6 {[%emt 0:10:57]} 7. Bf4 {[%emt 0:09:59]} e5 {[%emt 0:30:49]} 8. Bg2 {[%emt 0:00:47]} Nc6 {[%emt 0:02:14]} 9. Nb5 {[%emt 0:10:31]} Qb8 {[%emt 0:01:59]} 10. Bg5 {[%emt 0:00:56]} Be7 {[%emt 0:06:07]} 11. Bxf6 {[%emt 0:06:15]} Bxf6 {[%emt 0:00:21]} 12. N1c3 {[%emt 0:00:20]} a6 {[%emt 0:04:16]} 13. Nd5 {[%emt 0:01:11]} Bd8 {[%emt 0:02:16]} 14. Nbc3 {[%emt 0:00:39]} O-O {[%emt 0:00:24]} 15. O-O {[%emt 0:00:21]} Ra7 {[%emt 0:00:31]} 16. Rfd1 {[%emt 0:44:11]} 1/2-1/2